| 000 | 00000nam##2200000za#4500 |
| 001 | 9.630768 |
| 003 | CaOODSP |
| 005 | 20210624214013 |
| 007 | cr ||||||||||| |
| 008 | 150407|2002||||xxc|||||o f|0| 0 fre|d |
| 020 | |a0-662-87054-9 |
| 040 | |aCaOODSP|bfre |
| 043 | |an-cn--- |
| 086 | 1 |aSW21-92/1-2002F-IN |
| 110 | 1 |aCanada. |bCondition féminine Canada. |
| 245 | 13|aLe Canada et le protocole facultatif à la Convention sur l'élimination de toutes les formes de discrimination à l'égard des femmes - un aperçu |h[ressource électronique] |
| 260 | |aOttawa - Ontario : |bCondition féminine Canada |c2002. |
| 300 | |a22p. |
| 590 | |a06-10-Supp|b2006-12-15 |
| 691 | 07|aAccord international|2gcpds |
| 691 | 07|aDiscrimination sexuelle|2gcpds |
| 691 | 07|aDroits de la personne|2gcpds |
| 691 | 07|aÉgalité des sexes|2gcpds |
| 691 | 07|aFemme|2gcpds |
| 775 | 08|tCanada and the optional protocol to the Convention on the elimination of all forms of discrimination against women - an overview |w(CaOODSP)9.686291 |
| 856 | 40|ahttp://publications.gc.ca|qPDF|s350 Ko|uhttps://publications.gc.ca/collections/Collection/SW21-92-1-2002F.pdf |